| 000 | 00406nam a22001337a 4500 | ||
|---|---|---|---|
| 082 | _aMS-PhD-IT MEH | ||
| 100 |
_aMehreen Ali Gillani _998902 |
||
| 245 | _a Post Summarization of Mecro-Blogs | ||
| 260 |
_a Islamabad _bNUST SEECS _c2013 |
||
| 300 |
_a 45 P _eCD-ROM |
||
| 500 | _aSupervisors; Dr. Muhammad Usman Ilyas | ||
| 856 | _uhttp://10.250.8.41:8080/xmlui/handle/123456789/9904 | ||
| 942 |
_cPR _2ddc |
||
| 999 |
_c12283 _d12283 |
||